|
|
|
|
| LEADER |
01319nam a2200301 a 4500 |
| 001 |
GR-MES374 |
| 008 |
991111s gr 000 b eng d |
| 020 |
|
|
|a 085238131X
|
| 040 |
|
|
|a GrPaTEI
|b gre
|c GR-PaULI
|
| 245 |
0 |
0 |
|a Penaeid shrimps-their biology and management :
|b Selected papers presented at the workshop,Key West, Florida, USA, November 1981.
|
| 260 |
|
|
|a England :
|b Fishing News Books,
|c c1984
|
| 300 |
|
|
|a 309σελ. :
|b εικ.,πιν.
|
| 500 |
|
|
|a Περιλαμβάνει βιβλιογραφικές αναφορές
|
| 650 |
|
0 |
|a Aλιεία-Γαρίδες
|
| 650 |
|
4 |
|a Γαρίδες-Βιολογία
|
| 650 |
|
4 |
|a Γαρίδες-Μάνατζμεντ
|
| 700 |
1 |
|
|a Gulland, John A.
|
| 700 |
1 |
|
|a Rothschild, Brian J.
|
| 710 |
0 |
|
|a Fishing News Books
|
| 710 |
2 |
|
|a Fishery Resources and Environmental Division
|
| 710 |
2 |
|
|a Food and Agriculture Organiztion of the UN
|
| 710 |
2 |
|
|a Gulf states Marine Fisheries Commission
|
| 710 |
2 |
|
|a Southeast fisheries Center
|
| 710 |
2 |
|
|a US Department of commerce NOAA/NMFS
|
| 942 |
|
|
|2 ddc
|
| 952 |
|
|
|0 0
|1 0
|2 ddc
|4 0
|6 595_330000000000000_GUL
|7 0
|9 263597
|a MSLG
|b MSLG
|c BSC
|d 2021-01-17
|e 24
|f 0
|g 0.00
|l 0
|o 595.33 GUL
|p 2420000001032
|r 2021-01-17 00:00:00
|t 1
|w 2021-01-17
|y BK15
|x 19991111 0 1
|x GrPaTEI
|
| 971 |
|
|
|a .b25714156
|b 15-04-20
|c 13-09-16
|
| 999 |
|
|
|c 151756
|d 151756
|